LEADER 01632nam0 2200397 450 001 000019688 005 20101210090004.0 010 $a88-359-5531-9 010 $a978-88-359-5531-3 100 $a20070216d2007----km-y0itaa50------ba 101 0 $aita 102 $aIT 200 1 $a<> futuro senza luce?$ecome evitare i black out senza costruire nuove centrali$fMaurizio Pallante$gintroduzione di Beppe Grillo 210 $aRoma$cEditori Riuniti$d2007 215 $a167 p.$cill.$d21 cm 225 2 $aPrimo piano 225 2 $aMovimento per la decrescita felice$iScienze e tecnologie 410 0$12001$aPrimo piano 410 0$12001$aMovimento per la decrescita felice$iScienze e tecnologie 606 1 $aEnergia elettrica$xProduzione 606 2 $aFonti energetiche$xUtilizzazione 676 $a333.7916$v(21. ed.)$9Risorse naturali ed energia. Conservazione e tutela 676 $a333.7932$v(21. ed.)$9Energia elettrica 700 1$aPallante,$bMaurizio$051655 702 1$aGrillo,$bBeppe 801 0$aIT$bUniversitā della Basilicata - B.I.A.$gRICA$2unimarc 912 $a000019688 996 $aFuturo senza luce$986650 997 $aUNIBAS BAS $aINGEGNERIA CAT $aTTM$b30$c20070216$lBAS01$h0850 CAT $aTTM$b30$c20101210$lBAS01$h0851 CAT $aTTM$b30$c20101210$lBAS01$h0900 FMT Z30 -1$lBAS01$LBAS01$mBOOK$1BASA2$APolo Tecnico-Scientifico$2DID$BDidattica$3PTS.s2.p19.16$6105287$5T105287$820070216$f98$FConsultazione Z30 -1$lBAS01$LBAS01$mBOOK$1BASA2$APolo Tecnico-Scientifico$2DID$BDidattica$3PTS.s2.p19.16A$6109774$5T109774$820101210$f04$FPrestabile Didattica LEADER 02634nam0 2200469 450 001 000020312 005 20070919115245.0 010 $a3-11-014483-2$bVol. 1. 010 $a3-11-015762-4$bVol. 2. 010 $a3-11-016843-X$bVol. 3. 010 $a3-11-018135-5$bVol. 4. 100 $a20070828d--------km-y0itaa50------ba 101 0 $ager$agrc 102 $aDE 200 1 $a<> älteren griechischen Katenen zum Buch Hiob$fherausgegeben von Ursula und Dieter Hagedorn 210 $aBerlin ; New York$c<> de Gruyter 215 $av.$d24 cm 225 2 $aPatristische texte und studien$v40, 48, 53, 59 327 1 $aVol. 1.: Einleitung, prologe und epiloge, fragmente zu Hiob 1,1-8,22. - c1994. - XV, 457 p.$aVol. 2.: Fragmente zu Hiob 9,1-22,30. - c1997. - VIII, 395 p.$aVol. 3.: Fragmente zu Hiob 23,1-42,17. - c2000. - VIII, 415 p.$aVol. 4.: Register, Nachträge und Anhänge. - c2004. - 361 p. 410 1$12001$aPatristische texte und studien$v40, 48, 53, 59 559 1 $aEinleitung, prologe und epiloge, fragmente zu Hiob 1,1-8,22 559 1 $aFragmente zu Hiob 9,1-22,30 559 1 $aFragmente zu Hiob 23,1-42,17 559 1 $aRegister, Nachträge und Anhänge 606 1 $aBibbia. Vecchio Testamento$xLibri sapienziali$xGiobbe 676 $a223.1$v(21. ed.)$9Libri sapienziali dell'Antico Testamento. Giobbe 702 1$aHagedorn,$bUrsula 702 1$aHagedorn,$bDieter 801 0$aIT$bUniversitā della Basilicata - B.I.A.$gRICA$2unimarc 912 $a000020312 996 $a?lteren griechischen Katenen zum Buch Hiob$986131 997 $aUNIBAS BAS $aLETTERE CAT $aSTD050$b01$c20070828$lBAS01$h1600 CAT $aTTM$b30$c20070829$lBAS01$h1255 CAT $aTTM$b30$c20070903$lBAS01$h0905 CAT $aTTM$b30$c20070919$lBAS01$h1152 FMT Z30 -1$lBAS01$LBAS01$mBOOK$1BASA1$APolo Storico-Umanistico$2DSLF$BCollezione DiSLF$3DF/6978$66978$5F6978$820070828$eXV, 457$f04$FPrestabile Didattica$hVol. 1.: Einleitung, prologe und epiloge, fragmente zu Hiob 1,1-8,22 Z30 -1$lBAS01$LBAS01$mBOOK$1BASA1$APolo Storico-Umanistico$2DSLF$BCollezione DiSLF$3DF/6979$66979$5F6979$820070828$eVIII, 395$f04$FPrestabile Didattica$hVol. 2.: Fragmente zu Hiob 9,1-22,30 Z30 -1$lBAS01$LBAS01$mBOOK$1BASA1$APolo Storico-Umanistico$2DSLF$BCollezione DiSLF$3DF/6980$66980$5F6980$820070828$eVIII, 415$f04$FPrestabile Didattica$hVol. 3.: Fragmente zu Hiob 23,1-42,17 Z30 -1$lBAS01$LBAS01$mBOOK$1BASA1$APolo Storico-Umanistico$2DSLF$BCollezione DiSLF$3DF/6981$66981$5F6981$820070828$e361$f04$FPrestabile Didattica$hVol. 4.: Register, Nachträge und Anhänge